00727nam a2200241 a 4500001001300000003000900013005001700022008004100039020001300080082001700093100001900110245008000129260002900209300000900238500003500247505002000282650003600302700001900338902000800357942000700365952009800372999001500470nice12345678IN_TiNIC20260116012245.0050524s1977 lona grp 000 0 eng  ac233.0500a261.245bSHA aSharpe, Eric J aFaith Meets Faithb Some Christian Attitudes to Hinduism in the 19th & 20th aLondonbScm Press c1977 a178p aincludes index and biblioraphy2 aAppendix, Index aHinduism-Relations-Christianity1 aSharpe, Eric J bSRS cBK 00104070aHMIbHMId2007-07-10g233.05l0o261.245 SHAp013498r2007-07-10w2026-01-16yEB c6270d6270